[Event "USA tt"]
[Site "ICC INT"]
[Date "2007.09.10"]
[Round "3"]
[White "Lunna, Todd W"]
[Black "Rouleau, John S"]
[Result "1/2-1/2"]
[WhiteElo "2251"]
[BlackElo "2279"]
[PlyCount "130"]
[EventDate "2007.08.29"]
[EventType "team"]
[EventRounds "10"]
[EventCountry "USA"]
[SourceTitle "CBM 120 Extra"]
[Source "ChessBase"]
[SourceDate "2007.11.01"]
[SourceVersion "1"]
[SourceVersionDate "2007.11.01"]
[SourceQuality "1"]

1. e4 e5 2. Nf3 Nc6 3. Bb5 a6 4. Bxc6 dxc6 5. Nc3 Qd6 6. d4 exd4 7. Qxd4 Bg4 8. Be3 Bxf3 9. gxf3 Qxd4 10. Bxd4 Ne7 11. Rd1 Ng6 12. a3 f6 13. Be3 Bd6 14. h4 h5 15. Ne2 f5 16. exf5 Ne7 17. Nd4 0-0 18. Rg1 Nxf5 19. Nxf5 Rxf5 20. Rg5 Raf8 21. Ke2 Be7 22. Rxf5 Rxf5 23. Rd7 Bxh4 24. Rxc7 Rf7 25. Rc8+ Kh7 26. b3 Kg6 27. Rh8 Be7 28. a4 Rf8 29. Rxf8 Bxf8 30. Kf1 Kf5 31. Kg2 b5 32. Bd4 bxa4 33. bxa4 c5 34. Bb2 c4 35. Bd4 g6 36. Kg3 Bd6+ 37. Kg2 Ke6 38. Bc3 Kd5 39. Kf1 Be5 40. Bb4 c3 41. Ba5 Kc4 42. Kg2 Bd6 43. Kf1 Be7 44. Kg2 h4 45. Kh3 Bb4 46. Bd8 Bc5 47. Bxh4 Kb4 48. Bf6 Bxf2 49. Kg4 Be3 50. f4 Bd2 51. Kg5 Ka3 52. Kxg6 Kb2 53. f5 Kxc2 54. Be7 Kb3 55. f6 c2 56. f7 Bh6 57. Kxh6 c1Q+ 58. Kg7 Qg1+ 59. Kf6 Qf2+ 60. Ke6 Qe3+ 61. Kf6 Qh6+ 62. Kf5 Qh7+ 63. Kf6 Qh4+ 64. Ke6 Qc4+ 65. Kf6 Qxf7+ 1/2-1/2

[Event "Philadelphia National op 37th"]
[Site "Philadelphia"]
[Date "2006.11.26"]
[Round "6"]
[White "Rouleau, John S"]
[Black "Pendergast, Michael J"]
[Result "1-0"]
[WhiteElo "2265"]
[BlackElo "2140"]
[PlyCount "57"]
[EventDate "2006.11.24"]
[EventType "swiss"]
[EventRounds "6"]
[EventCountry "USA"]
[SourceTitle "CBM 115 Extra"]
[Source "ChessBase"]
[SourceDate "2007.01.10"]
[SourceVersion "1"]
[SourceVersionDate "2007.01.10"]
[SourceQuality "1"]

1. b4 Nf6 2. Bb2 e6 3. b5 b6 4. Nf3 c5 5. e3 Bb7 6. d3 a5 7. Nbd2 Be7 8. Rg1 d6 9. g4 h6 10. h4 e5 11. g5 hxg5 12. hxg5 Nd5 13. d4 Nxe3 14. fxe3 e4 15. Nxe4 Bxe4 16. Bd3 Bxd3 17. Qxd3 Nd7 18. 0-0-0 Rc8 19. g6 f6 20. Qc4 Rf8 21. d5 Ne5 22. Bxe5 fxe5 23. Nxe5 Bg5 24. Nc6 Bxe3+ 25. Kb1 Rf4 26. Qxf4 Bxf4 27. Nxd8 Rxd8 28. Rgf1 Be5 29. Rf7 1-0

[Event "Philadelphia National op 36th"]
[Site "Philadelphia"]
[Date "2005.11.25"]
[Round "2"]
[White "Rouleau, John S"]
[Black "Paschall, William M"]
[Result "1-0"]
[WhiteElo "2264"]
[BlackElo "2394"]
[PlyCount "57"]
[EventDate "2005.11.24"]
[EventType "swiss"]
[EventRounds "6"]
[EventCountry "USA"]
[SourceTitle "CBM 109 Extra"]
[Source "ChessBase"]
[SourceDate "2006.01.03"]
[SourceVersion "2"]
[SourceVersionDate "2006.01.03"]
[SourceQuality "1"]

1. e4 c5 2. Nf3 Nc6 3. d4 cxd4 4. Nxd4 Nf6 5. Nc3 d6 6. Bg5 e6 7. Qd2 Qb6 8. Nb3 Be7 9. Be2 0-0 10. Be3 Qc7 11. 0-0-0 a6 12. g4 b5 13. g5 Nd7 14. a3 Nb6 15. f4 Rb8 16. Rdf1 Re8 17. Nd4 Bf8 18. Rhg1 b4 19. axb4 Nxb4 20. g6 fxg6 21. f5 exf5 22. exf5 Nc4 23. Bxc4+ Qxc4 24. fxg6 hxg6 25. Qg2 Na2+ 26. Kd2 Rxb2 27. Nd5 Nb4 28. Nf6+ Kh8 29. Qxg6 1-0

[Event "Philadelphia National op 35th"]
[Site "Philadelphia"]
[Date "2004.11.28"]
[Round "5"]
[White "Rouleau, John S"]
[Black "Fernandez, Daniel"]
[Result "0-1"]
[WhiteElo "2266"]
[BlackElo "2391"]
[PlyCount "68"]
[EventDate "2004.11.26"]
[EventType "swiss"]
[EventRounds "6"]
[EventCountry "USA"]
[SourceTitle "CBM 103 Extra"]
[Source "ChessBase"]
[SourceDate "2005.01.01"]
[SourceVersion "1"]
[SourceVersionDate "2005.01.01"]
[SourceQuality "1"]

1. e4 c5 2. Nf3 Nf6 3. Bb5 g6 4. 0-0 Bg7 5. c3 Nc6 6. Re1 0-0 7. d4 cxd4 8. cxd4 d5 9. e5 Ne4 10. Ng5 Qb6 11. Bxc6 bxc6 12. Nxe4 dxe4 13. Be3 Qxb2 14. Nd2 Bf5 15. Qa4 Qb5 16. Qa3 f6 17. Rec1 fxe5 18. Rc5 Qd3 19. Rc3 Qe2 20. Nb3 Rfd8 21. Qc5 Rd5 22. Qxc6 Rad8 23. Rc2 Qh5 24. Qc4 exd4 25. Nxd4 Be5 26. h3 Bxh3 27. gxh3 Qxh3 28. Nc6 Bh2+ 29. Kh1 Be5+ 30. Kg1 Bh2+ 31. Kh1 Bf4+ 32. Kg1 Kf8 33. Qxd5 Bh2+ 34. Kh1 Rxd5 0-1

[Event "Philadelphia National op 35th"]
[Site "Philadelphia"]
[Date "2004.11.26"]
[Round "2"]
[White "Rouleau, John S"]
[Black "Zaichik, Gennadi"]
[Result "1-0"]
[WhiteElo "2266"]
[BlackElo "2511"]
[PlyCount "41"]
[EventDate "2004.11.26"]
[EventType "swiss"]
[EventRounds "6"]
[EventCountry "USA"]
[SourceTitle "CBM 103 Extra"]
[Source "ChessBase"]
[SourceDate "2005.01.01"]
[SourceVersion "1"]
[SourceVersionDate "2005.01.01"]
[SourceQuality "1"]

1. e4 g6 2. d4 Bg7 3. Nc3 c6 4. Bc4 d6 5. Qf3 e6 6. Nge2 Nd7 7. a4 Ngf6 8. h4 e5 9. d5 Nb6 10. Qd3 Nfd7 11. Ba2 Nc5 12. Qf3 f5 13. dxc6 bxc6 14. a5 Nbd7 15. exf5 Rf8 16. Qxc6 Bb7 17. Qxd6 gxf5 18. Bg5 Bf6 19. Nd5 Bxd5 20. Bxd5 Rb8 21. Bc6 1-0

[Event "World op 32nd"]
[Site "Philadelphia"]
[Date "2004.07.06"]
[Round "9"]
[White "Bonin, Jay R"]
[Black "Rouleau, John S"]
[Result "1/2-1/2"]
[WhiteElo "2342"]
[BlackElo "2258"]
[PlyCount "54"]
[EventDate "2004.07.01"]
[EventType "swiss"]
[EventRounds "9"]
[EventCountry "USA"]
[SourceTitle "CBM 101 Extra"]
[Source "ChessBase"]
[SourceDate "2004.09.01"]
[SourceVersion "2"]
[SourceVersionDate "2004.09.01"]
[SourceQuality "1"]

1. c4 Nf6 2. Nc3 g6 3. e4 d6 4. d4 Bg7 5. Nf3 0-0 6. Be2 e5 7. 0-0 exd4 8. Nxd4 Re8 9. f3 Nc6 10. Be3 Nh5 11. f4 Nf6 12. Bf3 Bg4 13. Nxc6 Bxf3 14. Qxf3 bxc6 15. Rae1 Qc8 16. Bd4 Qg4 17. Qxg4 Nxg4 18. Bxg7 Kxg7 19. c5 Rab8 20. cxd6 cxd6 21. b3 Rb4 22. h3 Nf6 23. e5 dxe5 24. Rxe5 Rxf4 25. Ra5 Rxf1+ 26. Kxf1 Re3 27. Ne2 Re7 1/2-1/2

[Event "World op 32nd"]
[Site "Philadelphia"]
[Date "2004.07.03"]
[Round "4"]
[White "Rouleau, John S"]
[Black "Mucerino, Joseph J"]
[Result "1-0"]
[WhiteElo "2258"]
[BlackElo "2019"]
[PlyCount "55"]
[EventDate "2004.07.01"]
[EventType "swiss"]
[EventRounds "9"]
[EventCountry "USA"]
[SourceTitle "CBM 101 Extra"]
[Source "ChessBase"]
[SourceDate "2004.09.01"]
[SourceVersion "2"]
[SourceVersionDate "2004.09.01"]
[SourceQuality "1"]

1. e4 d5 2. exd5 Nf6 3. Nf3 Nxd5 4. d4 Bf5 5. Bd3 Bg6 6. 0-0 e6 7. c4 Nb6 8. Re1 Be7 9. Bxg6 hxg6 10. Nc3 Kf8 11. Qe2 N8d7 12. Bf4 c6 13. Rad1 Bf6 14. Ne4 Nc8 15. Rd3 Qa5 16. Nfg5 Rh5 17. Rf3 Bxg5 18. Nxg5 Nf6 19. Nxf7 Kxf7 20. Qxe6+ Kf8 21. Bd2 Qd8 22. Bb4+ c5 23. Bxc5+ Rxc5 24. dxc5 Ne7 25. g4 Nc6 26. Rh3 Ne7 27. Rh8+ Nfg8 28. Re3 1-0

[Event "World op 31st"]
[Site "Philadelphia"]
[Date "2003.07.06"]
[Round "8"]
[White "Kovacova, Zuzana"]
[Black "Rouleau, John S"]
[Result "0-1"]
[WhiteElo "2042"]
[BlackElo "2238"]
[PlyCount "46"]
[EventDate "2003.06.30"]
[EventType "swiss"]
[EventRounds "9"]
[EventCountry "USA"]
[SourceTitle "EXT 2004"]
[Source "ChessBase"]
[SourceDate "2003.11.25"]
[SourceVersion "1"]
[SourceVersionDate "2003.11.25"]
[SourceQuality "1"]

1. e4 e6 2. d4 d5 3. exd5 exd5 4. Nc3 c6 5. Bd3 Bd6 6. Nf3 Bg4 7. 0-0 Ne7 8. h3 Bh5 9. Be2 0-0 10. Ne5 Bxe2 11. Nxe2 Nd7 12. Nxd7 Qxd7 13. Bf4 Rfe8 14. Bxd6 Qxd6 15. Qd2 Qf6 16. Ng3 Nc8 17. Rfe1 Nd6 18. c3 Nc4 19. Qc2 Re6 20. Re2 Rae8 21. Rae1 g6 22. Kf1 Ne3+ 23. Rxe3 Rxe3 0-1

[Event "Virginia Beach Millennium op 3rd"]
[Site "Virginia Beach"]
[Date "2002.03.03"]
[Round "4"]
[White "Rouleau, John S"]
[Black "Kaufman, Larry C"]
[Result "0-1"]
[WhiteElo "2144"]
[BlackElo "2400"]
[PlyCount "72"]
[EventDate "2002.03.01"]
[EventType "swiss"]
[EventRounds "5"]
[EventCountry "USA"]
[SourceTitle "CBM 086 Extra"]
[Source "ChessBase"]
[SourceDate "2002.03.14"]
[SourceVersion "1"]
[SourceVersionDate "2002.03.14"]
[SourceQuality "1"]

1. e4 e5 2. Nf3 Nc6 3. c3 Nf6 4. d4 Nxe4 5. d5 Ne7 6. Nxe5 Ng6 7. Nxg6 hxg6 8. Qe2 Qe7 9. Bf4 d6 10. Na3 Bd7 11. 0-0-0 0-0-0 12. g3 Re8 13. Bg2 g5 14. Bd2 Nxd2 15. Qxd2 Qf6 16. Nc2 g6 17. Nd4 g4 18. Qc2 Re5 19. f4 gxf3 20. Bxf3 Re3 21. Rhf1 Qe7 22. Qf2 Kb8 23. Kb1 Bg7 24. Nc2 Re5 25. Na3 Qg5 26. Nc4 Ree8 27. Rfe1 Bg4 28. Rxe8+ Rxe8 29. b3 Bd7 30. Rc1 Bh6 31. Rf1 Qf6 32. Kb2 b5 33. Na5 Re3 34. Qd2 b4 35. Be2 bxc3+ 36. Kc2 Bf5+ 0-1

[Event "US Open-102"]
[Site "Framingham"]
[Date "2001.08.09"]
[Round "6"]
[White "Ariel, Donny"]
[Black "Rouleau, John S"]
[Result "1-0"]
[WhiteElo "2354"]
[BlackElo "2157"]
[PlyCount "45"]
[EventDate "2001.08.04"]
[EventType "swiss"]
[EventRounds "9"]
[EventCountry "USA"]
[SourceTitle "CBM 083 Extra"]
[Source "ChessBase"]
[SourceDate "2001.09.11"]
[SourceVersion "1"]
[SourceVersionDate "2001.09.11"]
[SourceQuality "1"]

1. Nf3 d5 2. d4 Nf6 3. c4 dxc4 4. e3 e6 5. Bxc4 c5 6. Nc3 a6 7. a4 cxd4 8. exd4 Qc7 9. Qe2 Be7 10. 0-0 0-0 11. Bg5 Nc6 12. Rad1 Bd6 13. Bxf6 gxf6 14. d5 Ne5 15. Nxe5 Bxe5 16. Rd3 Kh8 17. Ba2 Rg8 18. Rfd1 Qa5 19. dxe6 Bxe6 20. Bxe6 fxe6 21. Rd7 Bxc3 22. bxc3 Qxc3 23. Rxh7+ 1-0